[Event "Fynsmesterskabet"]
[Site "Odense"]
[Date "2011.06.02"]
[Round "2"]
[White "Almer, Julia"]
[Black "Frantsen, Tom"]
[Result "0-1"]
[WhiteElo "1949"]
[BlackElo "2117"]
[PlyCount "84"]
[EventDate "2011.06.01"]
[EventType "swiss"]
[EventRounds "9"]
[EventCountry "DEN"]
[SourceTitle "CBM 142 Extra"]
[Source "ChessBase"]
[SourceDate "2011.06.27"]

1. e4 c6 2. d4 d5 3. Nc3 dxe4 4. Nxe4 Bf5 5. Ng3 Bg6 6. h4 h6 7. Nf3 Nd7 8. h5
Bh7 9. Bd3 Bxd3 10. Qxd3 Ngf6 11. Bd2 e6 12. O-O-O Qc7 13. Ne4 O-O-O 14. g3 Nc5
15. Nxc5 Bxc5 16. Bf4 Bd6 17. Bxd6 Rxd6 18. Qe2 Rhd8 19. c3 Rd5 20. Ne5 c5 21.
Kb1 Kb8 22. Rc1 cxd4 23. cxd4 Qe7 24. Rhd1 a6 25. Rc4 Nd7 26. Rdc1 Nb6 27. Rc6
Nd7 28. Qc2 Nxe5 29. Rc8+ Ka7 30. dxe5 Rxe5 31. Qc3 Rxc8 32. Qxc8 Qb4 33. a3
Qb6 34. f3 Rxh5 35. Rc2 Qb3 36. Qd7 Rd5 37. Qc7 Qxf3 38. Rc3 Rd1+ 39. Rc1 Qe4+
40. Ka2 Qd5+ 41. Ka1 Rxc1+ 42. Qxc1 e5 0-1

[Event "Fynsmesterskabet"]
[Site "Odense"]
[Date "2011.06.02"]
[Round "2"]
[White "Andersen, Lars Ren"]
[Black "Skjoldager, Mikael"]
[Result "1/2-1/2"]
[WhiteElo "2137"]
[BlackElo "1990"]
[PlyCount "91"]
[EventDate "2011.06.01"]
[EventType "swiss"]
[EventRounds "9"]
[EventCountry "DEN"]
[SourceTitle "CBM 142 Extra"]
[Source "ChessBase"]
[SourceDate "2011.06.27"]

1. c4 Nf6 2. Nc3 e5 3. g3 Nc6 4. Bg2 Bb4 5. Nf3 O-O 6. O-O Re8 7. a3 Bxc3 8.
dxc3 h6 9. Ne1 d6 10. Nc2 Nh7 11. e4 Be6 12. Ne3 Qd7 13. Qe2 Ng5 14. Bd2 Na5
15. b4 Nb3 16. Rad1 Nxd2 17. Rxd2 a5 18. c5 axb4 19. axb4 Ra3 20. cxd6 Rxc3 21.
h4 Nh7 22. dxc7 Qxc7 23. Qb5 Qc6 24. Qxe5 Rxe3 25. fxe3 Bc4 26. Qd6 Bxf1 27.
Qxc6 bxc6 28. Kxf1 Nf6 29. e5 Rxe5 30. Bxc6 Rxe3 31. Kg2 Rb3 32. b5 g5 33. hxg5
hxg5 34. Rd8+ Kg7 35. Rb8 Rc3 36. Kf2 g4 37. Ke2 Nh5 38. Kd2 Rc5 39. Rc8 Nxg3
40. b6 Ne4+ 41. Kd3 Nd6 42. b7 Nxb7 43. Bxb7 Rxc8 44. Bxc8 f5 45. Bxf5 Kf6 46.
Bxg4 1/2-1/2

[Event "Fynsmesterskabet"]
[Site "Odense"]
[Date "2011.06.02"]
[Round "2"]
[White "Bromann, Thorbjorn"]
[Black "Christensen, Bo Garner"]
[Result "0-1"]
[WhiteElo "2405"]
[BlackElo "2287"]
[PlyCount "64"]
[EventDate "2011.06.01"]
[EventType "swiss"]
[EventRounds "9"]
[EventCountry "DEN"]
[SourceTitle "CBM 142 Extra"]
[Source "ChessBase"]
[SourceDate "2011.06.27"]

1. d4 c5 2. d5 b5 3. e4 a6 4. a4 b4 5. a5 d6 6. c3 bxc3 7. Nxc3 g6 8. Bg5 Bg7
9. Qd2 Nd7 10. Nf3 Rb8 11. Bc4 Ngf6 12. Bh6 Bxh6 13. Qxh6 Rxb2 14. O-O Rb4 15.
Be2 Rg8 16. Ng5 Nf8 17. h3 N6d7 18. Rfe1 f6 19. Nf3 Ne5 20. Nd2 g5 21. Kh1 Kd7
22. Qh5 Kc7 23. Reb1 Rxb1+ 24. Rxb1 g4 25. hxg4 Bxg4 26. Bxg4 Rxg4 27. g3 Qc8
28. Rb6 Nfg6 29. Nf3 Rh4+ 30. Nxh4 Qh3+ 31. Kg1 Nxh4 32. Rc6+ Kd7 0-1

[Event "Fynsmesterskabet"]
[Site "Odense"]
[Date "2011.06.02"]
[Round "2"]
[White "Carlstedt, Jonathan"]
[Black "Antonsen, Mikkel"]
[Result "1-0"]
[WhiteElo "2308"]
[BlackElo "2472"]
[PlyCount "79"]
[EventDate "2011.06.01"]
[EventType "swiss"]
[EventRounds "9"]
[EventCountry "DEN"]
[SourceTitle "CBM 142 Extra"]
[Source "ChessBase"]
[SourceDate "2011.06.27"]

1. Nf3 d5 2. c4 e6 3. g3 Nf6 4. Bg2 Be7 5. O-O O-O 6. d4 dxc4 7. Qa4 a6 8. Qxc4
b5 9. Qc2 Bb7 10. Bf4 Nc6 11. Nc3 Nb4 12. Qd2 Nbd5 13. Nxd5 Nxd5 14. Bg5 f6 15.
Bf4 c5 16. Bh3 Qb6 17. Be3 c4 18. a3 Rfc8 19. Rfc1 a5 20. Ne1 b4 21. Ng2 g5 22.
f3 b3 23. Rcb1 c3 24. bxc3 Rxc3 25. Bf2 Rac8 26. Ne1 Qc6 27. e4 Nb6 28. d5 exd5
29. Bxc8 Bxc8 30. Rc1 Rxc1 31. Rxc1 Nc4 32. Qd4 Be6 33. Nd3 Bf7 34. Nb2 Bxa3
35. exd5 Bxb2 36. dxc6 Bxd4 37. Bxd4 b2 38. Bxb2 Nxb2 39. c7 Be6 40. Re1 1-0

[Event "Fynsmesterskabet"]
[Site "Odense"]
[Date "2011.06.02"]
[Round "2"]
[White "Epishin, Vladimir"]
[Black "Fries Nielsen, Niels Jorgen"]
[Result "1-0"]
[WhiteElo "2562"]
[BlackElo "2326"]
[PlyCount "93"]
[EventDate "2011.06.01"]
[EventType "swiss"]
[EventRounds "9"]
[EventCountry "DEN"]
[SourceTitle "CBM 142 Extra"]
[Source "ChessBase"]
[SourceDate "2011.06.27"]

1. d4 Nf6 2. Nf3 g6 3. Bg5 Bg7 4. c3 d6 5. Nbd2 Nbd7 6. e4 h6 7. Bh4 g5 8. Bg3
Nh5 9. Bc4 e6 10. Qe2 Qe7 11. O-O-O a6 12. a3 b6 13. Ba2 Bb7 14. Ne1 Nxg3 15.
hxg3 O-O-O 16. Nc2 Kb8 17. Ne3 Ka7 18. f4 c5 19. d5 b5 20. Qf2 Nb6 21. f5 exd5
22. Bxd5 Bxd5 23. Nxd5 Nxd5 24. exd5 Be5 25. Kb1 Qb7 26. Ne4 f6 27. g4 Ka8 28.
Rh3 a5 29. Qc2 c4 30. Rdh1 Qxd5 31. Rxh6 Rxh6 32. Rxh6 Rf8 33. Rh7 Rf7 34. Rxf7
Qxf7 35. Qd1 Kb8 36. a4 b4 37. cxb4 axb4 38. a5 Qb7 39. Nxf6 Qxg2 40. Nd7+ Kc8
41. Nb6+ Kb7 42. Qd5+ Qxd5 43. Nxd5 Ka6 44. Nxb4+ Kb5 45. a6 Kb6 46. Kc2 Bd4
47. f6 1-0

[Event "Fynsmesterskabet"]
[Site "Odense"]
[Date "2011.06.02"]
[Round "2"]
[White "Hansen, Ib Lynaes"]
[Black "Grau, Peter"]
[Result "1/2-1/2"]
[WhiteElo "1920"]
[BlackElo "2101"]
[PlyCount "68"]
[EventDate "2011.06.01"]
[EventType "swiss"]
[EventRounds "9"]
[EventCountry "DEN"]
[SourceTitle "CBM 142 Extra"]
[Source "ChessBase"]
[SourceDate "2011.06.27"]

1. e4 e5 2. Nc3 Nf6 3. Bc4 Nc6 4. d3 Na5 5. Nge2 Be7 6. O-O d6 7. Ng3 O-O 8.
Bb3 a6 9. f4 b5 10. Qf3 Bd7 11. Kh1 Nxb3 12. axb3 c6 13. Nce2 Bg4 14. Qf2 exf4
15. Bxf4 Nh5 16. Nxh5 Bxh5 17. Nd4 Qd7 18. Nf5 Rfd8 19. Nxe7+ Qxe7 20. Qg3 Rd7
21. Bd2 d5 22. exd5 cxd5 23. Rae1 Qd8 24. Re5 Bg6 25. Rfe1 d4 26. Bb4 h6 27. h3
Kh7 28. Re7 Rxe7 29. Bxe7 Qd7 30. Qd6 Qxd6 31. Bxd6 Rc8 32. Re2 Bf5 33. b4 Rd8
34. Re7 Kg6 1/2-1/2

[Event "Fynsmesterskabet"]
[Site "Odense"]
[Date "2011.06.02"]
[Round "2"]
[White "Hansen, Mads"]
[Black "Lund, Silas"]
[Result "1/2-1/2"]
[WhiteElo "2225"]
[BlackElo "2401"]
[PlyCount "111"]
[EventDate "2011.06.01"]
[EventType "swiss"]
[EventRounds "9"]
[EventCountry "DEN"]
[SourceTitle "CBM 142 Extra"]
[Source "ChessBase"]
[SourceDate "2011.06.27"]

1. e4 e6 2. d4 d5 3. Nc3 dxe4 4. Nxe4 Bd7 5. Bd3 Bc6 6. Nf3 Nd7 7. O-O Ngf6 8.
Ng3 Bd6 9. Re1 Be7 10. c4 Bxf3 11. Qxf3 c6 12. Bd2 O-O 13. Rad1 Re8 14. Bc3 a5
15. d5 Bb4 16. dxc6 bxc6 17. Qxc6 Bxc3 18. bxc3 Rc8 19. Qd6 Qb6 20. Ne4 Rc6 21.
Qd4 Nxe4 22. Bxe4 Qxd4 23. Rxd4 Rc7 24. Rd6 Nb8 25. Bd3 Kf8 26. Rb1 Ke7 27.
Rdb6 Nd7 28. Rb7 Rec8 29. Rxc7 Rxc7 30. Rb5 Rc5 31. Kf1 Kd6 32. Rb7 f5 33. f4
g6 34. Ke2 h6 35. Ke3 e5 36. fxe5+ Nxe5 37. Rg7 Nxc4+ 38. Bxc4 Rxc4 39. Rxg6+
Ke5 40. Kd3 Ra4 41. Kc2 Rxa2+ 42. Kb3 Rf2 43. c4 f4 44. Ka4 Kd4 45. Kb5 Rb2+
46. Kxa5 Kxc4 47. Rg4 Kc5 48. Ka4 Rf2 49. Kb3 h5 50. Rh4 Rxg2 51. Kc3 Rf2 52.
Rxh5+ Kd6 53. Kd4 Ke6 54. Ke4 Kf6 55. Rf5+ Kg6 56. Rxf4 1/2-1/2

[Event "Fynsmesterskabet"]
[Site "Odense"]
[Date "2011.06.02"]
[Round "2"]
[White "Johansen, Johnny Holler"]
[Black "Eriksson, Christian Altenburg"]
[Result "0-1"]
[WhiteElo "1986"]
[BlackElo "2139"]
[PlyCount "56"]
[EventDate "2011.06.01"]
[EventType "swiss"]
[EventRounds "9"]
[EventCountry "DEN"]
[SourceTitle "CBM 142 Extra"]
[Source "ChessBase"]
[SourceDate "2011.06.27"]

1. e4 c5 2. Nf3 Nc6 3. d4 cxd4 4. Nxd4 e5 5. Nb3 Nf6 6. Nc3 Bb4 7. Bd3 O-O 8.
O-O d6 9. Bg5 Bxc3 10. bxc3 h6 11. Bc1 Bg4 12. f3 Be6 13. c4 Qc7 14. Qe1 Kh8
15. f4 exf4 16. Bxf4 Ng4 17. c5 Nge5 18. cxd6 Qxd6 19. Qg3 f6 20. Kh1 a6 21.
Be3 Bxb3 22. axb3 Rad8 23. Rad1 Qb4 24. Qh4 Kh7 25. Rf5 Nxd3 26. cxd3 Qxb3 27.
Rdf1 Qxd3 28. R5f3 Ne5 0-1

[Event "Fynsmesterskabet"]
[Site "Odense"]
[Date "2011.06.02"]
[Round "2"]
[White "Knudsen, Jesper"]
[Black "Frisk, Ellinor"]
[Result "1/2-1/2"]
[WhiteElo "2050"]
[BlackElo "2162"]
[PlyCount "67"]
[EventDate "2011.06.01"]
[EventType "swiss"]
[EventRounds "9"]
[EventCountry "DEN"]
[SourceTitle "CBM 142 Extra"]
[Source "ChessBase"]
[SourceDate "2011.06.27"]

1. e4 d5 2. exd5 Nf6 3. d4 Nxd5 4. c4 Nb6 5. c5 Nd5 6. Bc4 c6 7. Qb3 e5 8. dxe5
Bxc5 9. Nf3 Qb6 10. O-O Qxb3 11. Bxb3 O-O 12. Rd1 Be6 13. Ng5 Nd7 14. Re1 h6
15. Nf3 Rfe8 16. Na3 Rad8 17. Nc2 Bg4 18. Bxd5 cxd5 19. Bf4 Bxf3 20. gxf3 f6
21. exf6 Nxf6 22. Rxe8+ Rxe8 23. Be3 b6 24. Rd1 Kf7 25. Nd4 a6 26. Kf1 Re5 27.
a3 Nd7 28. b4 Bf8 29. Rc1 a5 30. Rc7 Ke8 31. Rc8+ Kf7 32. Rc7 Ke8 33. Rc8+ Kf7
34. Rc7 1/2-1/2

[Event "Fynsmesterskabet"]
[Site "Odense"]
[Date "2011.06.02"]
[Round "2"]
[White "Mikkelsen, Nikolaj"]
[Black "Vaarala, Eric"]
[Result "1-0"]
[WhiteElo "2401"]
[BlackElo "2189"]
[PlyCount "131"]
[EventDate "2011.06.01"]
[EventType "swiss"]
[EventRounds "9"]
[EventCountry "DEN"]
[SourceTitle "CBM 142 Extra"]
[Source "ChessBase"]
[SourceDate "2011.06.27"]

1. e4 e6 2. d4 d5 3. Nc3 dxe4 4. Nxe4 Bd7 5. Nf3 Bc6 6. Ng3 Nd7 7. Bd3 Ngf6 8.
O-O Bxf3 9. Qxf3 c6 10. b3 Be7 11. Bb2 O-O 12. c4 Re8 13. Rad1 g6 14. Bb1 Qa5
15. Rfe1 h5 16. Ne2 Bb4 17. Rf1 Nh7 18. d5 cxd5 19. Nf4 d4 20. Rxd4 Ndf8 21.
Rdd1 b6 22. Nd3 Bd6 23. Rde1 Rad8 24. Ne5 Bxe5 25. Rxe5 Qd2 26. Bc3 Qh6 27. Re2
Rd7 28. h4 f6 29. Rfe1 Red8 30. Bc2 f5 31. Qg3 g5 32. Qe5 gxh4 33. Re3 Ng5 34.
Qh2 f4 35. Re5 Ng6 36. Kf1 h3 37. Rxg5 Qxg5 38. Qxh3 Nf8 39. Kg1 Qg4 40. Kh2
Qxh3+ 41. gxh3 Rd2 42. Rg1+ Kf7 43. Rg7+ Ke8 44. Be4 R8d6 45. Bc6+ Kd8 46. Bf6+
Kc8 47. Bb7+ Kb8 48. Be5 a5 49. Bd5 exd5 50. Bxd6+ Kc8 51. Bxf8 dxc4 52. bxc4
Rxf2+ 53. Rg2 Rf3 54. Rc2 Kd7 55. c5 bxc5 56. Bxc5 Ke6 57. Rf2 Rc3 58. Bb6 Ra3
59. Bc7 f3 60. Kg3 Kd7 61. Bf4 Ke6 62. Bc1 Rc3 63. Bb2 Rd3 64. Rxf3 Rd2 65. Rf2
h4+ 66. Kf3 1-0

[Event "Fynsmesterskabet"]
[Site "Odense"]
[Date "2011.06.02"]
[Round "2"]
[White "Pedersen, Hans Buus"]
[Black "Hansen, Lars Henrik Bech"]
[Result "1/2-1/2"]
[WhiteElo "2141"]
[BlackElo "1993"]
[PlyCount "61"]
[EventDate "2011.06.01"]
[EventType "swiss"]
[EventRounds "9"]
[EventCountry "DEN"]
[SourceTitle "CBM 142 Extra"]
[Source "ChessBase"]
[SourceDate "2011.06.27"]

1. e4 e5 2. Nf3 Nc6 3. Bc4 Nf6 4. d3 Be7 5. O-O O-O 6. Bb3 d6 7. c3 Bg4 8. h3
Bd7 9. Nh2 Na5 10. Bc2 d5 11. Qe2 dxe4 12. dxe4 Qe8 13. b3 Nc6 14. Be3 Kh8 15.
Nd2 Rd8 16. Rad1 b5 17. Rfe1 Bd6 18. b4 a5 19. a3 axb4 20. axb4 Ra8 21. Ra1 Qe7
22. Nb3 Rfb8 23. Nc5 Rxa1 24. Rxa1 Be8 25. Nf1 Nd8 26. Nd2 Ne6 27. Nxe6 Qxe6
28. Bb3 Qe7 29. Bc2 c5 30. bxc5 Bxc5 31. Bd3 1/2-1/2

[Event "Fynsmesterskabet"]
[Site "Odense"]
[Date "2011.06.02"]
[Round "2"]
[White "Poulsen, Iver"]
[Black "Fries Nielsen, Jens Ove"]
[Result "0-1"]
[WhiteElo "2100"]
[BlackElo "2386"]
[PlyCount "50"]
[EventDate "2011.06.01"]
[EventType "swiss"]
[EventRounds "9"]
[EventCountry "DEN"]
[SourceTitle "CBM 142 Extra"]
[Source "ChessBase"]
[SourceDate "2011.06.27"]

1. e4 g6 2. d4 Bg7 3. Nc3 e6 4. Nf3 Ne7 5. Bf4 d6 6. Qd2 h6 7. h3 a6 8. a4 b6
9. Bc4 Nd7 10. O-O Bb7 11. Rfe1 Nf6 12. Rad1 g5 13. Bg3 Nh5 14. Bh2 Ng6 15. Qe3
g4 16. hxg4 Nf6 17. Bg3 Nxg4 18. Qe2 h5 19. Nh2 Nxh2 20. Bxh2 Bh6 21. g3 Qg5
22. Qe3 Qf6 23. f4 Rg8 24. e5 Qg7 25. Kf2 Nxf4 0-1

[Event "Fynsmesterskabet"]
[Site "Odense"]
[Date "2011.06.02"]
[Round "2"]
[White "Preuss, Flemming"]
[Black "Wilton, Lars"]
[Result "1/2-1/2"]
[WhiteElo "1991"]
[BlackElo "2144"]
[PlyCount "24"]
[EventDate "2011.06.01"]
[EventType "swiss"]
[EventRounds "9"]
[EventCountry "DEN"]
[SourceTitle "CBM 142 Extra"]
[Source "ChessBase"]
[SourceDate "2011.06.27"]

1. f4 d5 2. Nf3 g6 3. c3 Bg7 4. d3 Nf6 5. Qc2 O-O 6. e4 Nc6 7. Be2 Bg4 8. O-O
dxe4 9. dxe4 e6 10. Be3 Qe7 11. Na3 a6 12. Rad1 e5 1/2-1/2

[Event "Fynsmesterskabet"]
[Site "Odense"]
[Date "2011.06.02"]
[Round "2"]
[White "Rewitz, Poul"]
[Black "Meszaros, Michal"]
[Result "0-1"]
[WhiteElo "2289"]
[BlackElo "2414"]
[PlyCount "102"]
[EventDate "2011.06.01"]
[EventType "swiss"]
[EventRounds "9"]
[EventCountry "DEN"]
[SourceTitle "CBM 142 Extra"]
[Source "ChessBase"]
[SourceDate "2011.06.27"]

1. d4 g6 2. e4 Bg7 3. Nc3 d6 4. Be3 a6 5. Qd2 Nd7 6. a4 b6 7. g4 Bb7 8. Bg2
Ngf6 9. h3 h5 10. g5 Ng8 11. Nge2 e6 12. f4 Ne7 13. h4 f5 14. gxf6 Nxf6 15.
O-O-O Qd7 16. Rhg1 d5 17. e5 Ng4 18. Bh3 Nh6 19. Ng3 Bf8 20. Qe2 O-O-O 21. Kb1
Kb8 22. Bc1 Qc8 23. Qd3 Bc6 24. b3 Be8 25. Ba3 Ka7 26. Kb2 Nc6 27. Bxf8 Rxf8
28. Nce2 Qd7 29. c3 Qe7 30. Nf1 Nf5 31. Bxf5 Rxf5 32. Ne3 Rf8 33. Rg5 Na5 34.
Nc2 c5 35. Na3 c4 36. bxc4 Bxa4 37. Rdg1 dxc4 38. Qxg6 Be8 39. Qg7 Rf7 40. Qh8
b5 41. Nc2 Nc6 42. Rg7 b4 43. Rxf7 Bxf7 44. Qf6 Qb7 45. Rg7 Rd7 46. Nc1 bxc3+
47. Kxc3 Ne7 48. Qg5 Nf5 49. Rh7 Qf3+ 50. Kb2 Rb7+ 51. Ka2 Qc3 0-1

[Event "Fynsmesterskabet"]
[Site "Odense"]
[Date "2011.06.02"]
[Round "2"]
[White "Rostgaard, Tobias Valentin"]
[Black "Kjolberg, Jens Hjorth"]
[Result "0-1"]
[WhiteElo "2207"]
[BlackElo "1931"]
[PlyCount "118"]
[EventDate "2011.06.01"]
[EventType "swiss"]
[EventRounds "9"]
[EventCountry "DEN"]
[SourceTitle "CBM 142 Extra"]
[Source "ChessBase"]
[SourceDate "2011.06.27"]

1. d4 Nf6 2. c4 g6 3. Nc3 Bg7 4. e4 d6 5. Nf3 O-O 6. Be2 e5 7. O-O Nc6 8. d5
Ne7 9. b4 Ne8 10. Rb1 f5 11. c5 Nf6 12. Ng5 h6 13. Ne6 Bxe6 14. dxe6 fxe4 15.
cxd6 cxd6 16. Qb3 d5 17. Rd1 Qb6 18. Be3 d4 19. Na4 Qc7 20. Rbc1 Qd8 21. Bd2 b6
22. Bb5 Qd6 23. Bc4 Kh7 24. b5 Rac8 25. Bb4 Qd8 26. Qa3 Re8 27. Bxe7 Qxe7 28.
Qb3 h5 29. Nb2 Bh6 30. Ra1 Rf8 31. h3 Ne8 32. Na4 Nd6 33. Bd5 Rf6 34. Re1 Rcf8
35. Rf1 Rc8 36. Rae1 e3 37. fxe3 Bxe3+ 38. Kh2 Rcf8 39. Rxf6 Rxf6 40. Re2 Rf1
41. Rxe3 dxe3 42. Qxe3 Qf6 43. Nc3 Kg7 44. Ne2 Re1 45. a4 h4 46. Bf3 Qxe6 47.
Qc3 Rf1 48. Nf4 Qf6 49. Nd5 Qg5 50. Bg4 Rc1 51. Qb4 Rc5 52. Qb3 Qc1 53. Qf3 Qg5
54. Qd3 Qc1 55. Ne3 Nf7 56. Be6 Qe1 57. Nf1 Qf2 58. Bg4 Rc1 59. Be2 Re1 0-1

[Event "Fynsmesterskabet"]
[Site "Odense"]
[Date "2011.06.02"]
[Round "2"]
[White "Skjoldager, Per"]
[Black "Nord, Michael"]
[Result "1-0"]
[WhiteElo "2107"]
[BlackElo "1974"]
[PlyCount "105"]
[EventDate "2011.06.01"]
[EventType "swiss"]
[EventRounds "9"]
[EventCountry "DEN"]
[SourceTitle "CBM 142 Extra"]
[Source "ChessBase"]
[SourceDate "2011.06.27"]

1. e4 c5 2. c3 d5 3. exd5 Qxd5 4. d4 Nc6 5. Nf3 cxd4 6. cxd4 Bg4 7. Nc3 Bxf3 8.
gxf3 Qxd4 9. Qxd4 Nxd4 10. Nb5 Nc2+ 11. Kd1 Nxa1 12. Nc7+ Kd8 13. Nxa8 e5 14.
Be3 b6 15. Ba6 Nf6 16. Kc1 Bd6 17. Kb1 Ke7 18. Nxb6 axb6 19. Kxa1 Nd5 20. Bd2
Bc5 21. Re1 Kd6 22. Be3 Nxe3 23. fxe3 Rd8 24. a3 Ke7 25. b4 Bd6 26. Kb2 Ra8 27.
Bb7 Ra7 28. Bd5 f6 29. Kb3 Kd7 30. a4 Bf8 31. Bg8 h6 32. Bh7 Bd6 33. Bg6 Rc7
34. h4 Kc8 35. h5 Kb8 36. Rd1 Rd7 37. Rd5 Rd8 38. Rd2 Be7 39. Rg2 Bf8 40. Bf5
Kb7 41. Rc2 Bd6 42. Be4+ Ka7 43. Rc6 Rd7 44. Rc8 Bb8 45. b5 Rf7 46. Bd5 Re7 47.
e4 Rd7 48. Re8 Rc7 49. Bc6 Rf7 50. Kc4 f5 51. exf5 Rc7 52. Kd5 Rf7 53. a5 1-0

[Event "Fynsmesterskabet"]
[Site "Odense"]
[Date "2011.06.02"]
[Round "2"]
[White "Smith, Axel"]
[Black "Kantans, Toms"]
[Result "1/2-1/2"]
[WhiteElo "2450"]
[BlackElo "2306"]
[PlyCount "103"]
[EventDate "2011.06.01"]
[EventType "swiss"]
[EventRounds "9"]
[EventCountry "DEN"]
[SourceTitle "CBM 142 Extra"]
[Source "ChessBase"]
[SourceDate "2011.06.27"]

1. c4 e5 2. Nc3 Nc6 3. Nf3 g6 4. d4 exd4 5. Nxd4 Bg7 6. Nxc6 bxc6 7. g3 Ne7 8.
Bg2 d6 9. Qc2 O-O 10. O-O Bf5 11. e4 Be6 12. c5 f5 13. Re1 Qd7 14. Bg5 Rae8 15.
cxd6 cxd6 16. Rad1 fxe4 17. Rxe4 d5 18. Qa4 Nc8 19. Rf4 Nb6 20. Rxf8+ Rxf8 21.
Qc2 Nc4 22. Bf4 Bf5 23. Qb3 Bg4 24. Re1 Qf7 25. Qc2 Bf5 26. Qe2 g5 27. Bxg5 Bd3
28. Qe6 Nxb2 29. Qxf7+ Kxf7 30. Nxd5 cxd5 31. Bxd5+ Kg6 32. h4 Bf5 33. Be3 a5
34. Rc1 Nd3 35. Rc6+ Bf6 36. g4 Bxg4 37. Be4+ Kh5 38. Bxd3 Kxh4 39. Bc5 Rd8 40.
Rxf6 Rxd3 41. Rh6+ Kg5 42. Rxh7 Bf3 43. Kh2 Bd5 44. a3 Rd1 45. Be3+ Kf5 46.
Rh5+ Kg4 47. Rg5+ Kh4 48. Rg1 Rxg1 49. Kxg1 Kg4 50. a4 Bc6 51. Bd2 Bxa4 52.
Bxa5 1/2-1/2

[Event "Fynsmesterskabet"]
[Site "Odense"]
[Date "2011.06.02"]
[Round "2"]
[White "Svendsen, Mads Bilde"]
[Black "Rhee, Alexander H"]
[Result "1/2-1/2"]
[WhiteElo "2163"]
[BlackElo "2097"]
[PlyCount "55"]
[EventDate "2011.06.01"]
[EventType "swiss"]
[EventRounds "9"]
[EventCountry "DEN"]
[SourceTitle "CBM 142 Extra"]
[Source "ChessBase"]
[SourceDate "2011.06.27"]

1. d4 g6 2. c4 Bg7 3. Nc3 d6 4. e4 Nf6 5. Nge2 O-O 6. Ng3 a6 7. Be2 c5 8. d5 b5
9. cxb5 axb5 10. Bxb5 h5 11. O-O h4 12. Nge2 Qb6 13. Bg5 h3 14. g3 Nxe4 15.
Nxe4 Qxb5 16. Bxe7 Qe8 17. Nf6+ Bxf6 18. Bxf6 Bg4 19. Re1 Qe4 20. Nf4 Qf5 21.
f3 Bxf3 22. Qxf3 Qxf6 23. Qc3 Qf5 24. Re7 Nd7 25. Ne6 Nf6 26. Rf1 Qxd5 27. Nf4
Qd4+ 28. Qxd4 1/2-1/2

[Event "Fynsmesterskabet"]
[Site "Odense"]
[Date "2011.06.02"]
[Round "2"]
[White "Teplyi, Igor"]
[Black "Larsen, Ulrik Jejlskov"]
[Result "1-0"]
[WhiteElo "2387"]
[BlackElo "1755"]
[PlyCount "57"]
[EventDate "2011.06.01"]
[EventType "swiss"]
[EventRounds "9"]
[EventCountry "DEN"]
[SourceTitle "CBM 142 Extra"]
[Source "ChessBase"]
[SourceDate "2011.06.27"]

1. d4 Nf6 2. c4 g6 3. Nc3 Bg7 4. e4 d6 5. Nf3 O-O 6. Be2 e5 7. O-O exd4 8. Nxd4
Re8 9. f3 c6 10. Kh1 Nbd7 11. Bg5 Qb6 12. Nb3 Qc7 13. Qd2 Ne5 14. Nd4 a6 15.
Rac1 Rb8 16. Rfd1 Bd7 17. b4 c5 18. Nb3 Be6 19. Nd5 Bxd5 20. cxd5 c4 21. Bxf6
Bxf6 22. f4 Nd7 23. Rxc4 Qd8 24. Bf3 Nb6 25. Rc2 Qd7 26. Na5 Rbc8 27. Rdc1 Na4
28. Nc4 Kg7 29. Nxd6 1-0

[Event "Fynsmesterskabet"]
[Site "Odense"]
[Date "2011.06.02"]
[Round "2"]
[White "Topholm, Morten"]
[Black "Bonnelykke, Ole"]
[Result "1/2-1/2"]
[WhiteElo "2159"]
[BlackElo "2067"]
[PlyCount "77"]
[EventDate "2011.06.01"]
[EventType "swiss"]
[EventRounds "9"]
[EventCountry "DEN"]
[SourceTitle "CBM 142 Extra"]
[Source "ChessBase"]
[SourceDate "2011.06.27"]

1. d4 Nf6 2. Nf3 e6 3. Bf4 c5 4. e3 Nc6 5. Nbd2 Nh5 6. Bg5 Be7 7. Ne4 cxd4 8.
Nd6+ Kf8 9. Bxe7+ Qxe7 10. Nxd4 Qxd6 11. Qxh5 Qe5 12. Qh4 Qf6 13. Qg4 h5 14.
Qg3 Nxd4 15. Qd6+ Ke8 16. exd4 Qe7 17. Qg3 Qb4+ 18. c3 Qxb2 19. Rd1 h4 20. Qc7
Qb6 21. Qe5 f6 22. Qe4 Qc6 23. Qe3 Kf7 24. h3 d5 25. Be2 Bd7 26. O-O Rac8 27.
c4 dxc4 28. Bf3 Qd6 29. Bxb7 Rc7 30. Be4 c3 31. Bc2 Bc6 32. f3 Bd5 33. a4 Qg3
34. Rc1 Rh5 35. Rf2 Rg5 36. Bh7 g6 37. Rxc3 Rb7 38. Qc1 Qb8 39. Rc8 1/2-1/2

[Event "Fynsmesterskabet"]
[Site "Odense"]
[Date "2011.06.02"]
[Round "3"]
[White "Antonsen, Mikkel"]
[Black "Brondt, Nicolai Kvist"]
[Result "1/2-1/2"]
[WhiteElo "2472"]
[BlackElo "2151"]
[PlyCount "103"]
[EventDate "2011.06.01"]
[EventType "swiss"]
[EventRounds "9"]
[EventCountry "DEN"]
[SourceTitle "CBM 142 Extra"]
[Source "ChessBase"]
[SourceDate "2011.06.27"]

1. d4 d5 2. c4 c6 3. Nc3 Nf6 4. e3 a6 5. Qc2 g6 6. Bd3 Bg7 7. Nf3 O-O 8. O-O
Nbd7 9. cxd5 Nxd5 10. Nxd5 cxd5 11. Bd2 e5 12. dxe5 Nxe5 13. Nxe5 Bxe5 14. Bc3
d4 15. exd4 Bxd4 16. Rad1 Bxc3 17. Qxc3 Qb6 18. Bc4 Bf5 19. Qd4 Qxd4 20. Rxd4
Rad8 21. Rfd1 Rxd4 22. Rxd4 Re8 23. f3 Kf8 24. Rd6 Be6 25. Bxe6 Rxe6 26. Rxe6
fxe6 27. Kf2 Ke7 28. Ke3 e5 29. Ke4 Ke6 30. h4 Kd6 31. b4 Ke6 32. a4 Kd6 33. a5
Ke6 34. g3 Kd6 35. g4 Ke6 36. f4 exf4 37. Kxf4 Kf6 38. Ke4 Ke6 39. Kd4 Kd6 40.
Kc4 Kc6 41. g5 Kd6 42. b5 axb5+ 43. Kxb5 Kd7 44. Kb6 Kc8 45. Kc5 Kc7 46. Kd5
Kd7 47. Ke5 Ke7 48. Kd4 Kd6 49. Kc4 Kc6 50. Kb4 Kd6 51. Kb5 Kd7 52. Kb6 1/2-1/2

[Event "Fynsmesterskabet"]
[Site "Odense"]
[Date "2011.06.02"]
[Round "3"]
[White "Bonnelykke, Ole"]
[Black "Svendsen, Mads Bilde"]
[Result "0-1"]
[WhiteElo "2067"]
[BlackElo "2163"]
[PlyCount "100"]
[EventDate "2011.06.01"]
[EventType "swiss"]
[EventRounds "9"]
[EventCountry "DEN"]
[SourceTitle "CBM 142 Extra"]
[Source "ChessBase"]
[SourceDate "2011.06.27"]

1. e4 c5 2. Nc3 Nc6 3. g4 g6 4. Bg2 Bg7 5. d3 d6 6. Be3 e5 7. h3 Nge7 8. Qd2
Nd4 9. Nd1 d5 10. c3 Ne6 11. Ne2 h6 12. f3 b6 13. f4 d4 14. cxd4 cxd4 15. Bf2
Qd6 16. O-O Ba6 17. b3 Rc8 18. f5 Nc5 19. Nb2 h5 20. Nc4 Bxc4 21. bxc4 hxg4 22.
hxg4 f6 23. fxg6 Qe6 24. Bf3 Nxg6 25. Kg2 Bh6 26. Qc2 Rc7 27. Rh1 Rch7 28. Bg3
Qd7 29. a4 a5 30. Rh5 Be3 31. Rah1 Rxh5 32. gxh5 Nf4+ 33. Nxf4 exf4 34. Bh4 Qe6
35. Kf1 Nd7 36. Qb3 Ne5 37. Qb5+ Kf7 38. Ke2 Rg8 39. Qd5 Rh8 40. Rb1 Qxd5 41.
exd5 Nxf3 42. Kxf3 Rxh5 43. Bf2 Rh2 44. Bxe3 fxe3 45. Rxb6 Rf2+ 46. Kg3 f5 47.
Re6 f4+ 48. Kg4 f3 49. Kg3 Rf1 50. c5 f2 0-1

[Event "Fynsmesterskabet"]
[Site "Odense"]
[Date "2011.06.02"]
[Round "3"]
[White "Christensen, Bo Garner"]
[Black "Brunello, Sabino"]
[Result "0-1"]
[WhiteElo "2287"]
[BlackElo "2537"]
[PlyCount "40"]
[EventDate "2011.06.01"]
[EventType "swiss"]
[EventRounds "9"]
[EventCountry "DEN"]
[SourceTitle "CBM 142 Extra"]
[Source "ChessBase"]
[SourceDate "2011.06.27"]

1. e4 c6 2. c4 d5 3. cxd5 cxd5 4. exd5 Nf6 5. Qa4+ Nbd7 6. Nc3 g6 7. Bc4 Bg7 8.
d3 O-O 9. Qb3 a6 10. a4 b6 11. Be3 Ng4 12. Nf3 Qc7 13. d4 Bb7 14. O-O e5 15. g3
Rac8 16. Be2 Nxe3 17. fxe3 Bh6 18. e4 exd4 19. Nd1 Rfe8 20. Nxd4 Qc5 0-1